[Event "First Saturday GM March 2014"]
[Site "Budapest"]
[Date "2014.03.08"]
[Round "6.5"]
[White "Turov, Maxim"]
[Black "Benkovic, Petar"]
[Result "1-0"]
[WhiteElo "2594"]
[BlackElo "2434"]
[PlyCount "163"]
[EventDate "2014.03.01"]

1. d4 Nf6 2. c4 e6 3. Nc3 Bb4 4. Qc2 O-O 5. a3 Bxc3+ 6. Qxc3 d5 7. e3 b6 8.
cxd5 exd5 9. Bd3 a5 10. Nf3 Ba6 11. O-O Ne4 12. Qc2 Re8 13. Bxa6 Nxa6 14. b3
Ng5 15. Nxg5 Qxg5 16. Qc6 Qd8 17. Bd2 Re6 18. Qc2 c5 19. Qd3 Qh4 20. Rfc1 Rh6
21. h3 Rg6 22. Be1 Qg5 23. Qf1 Qf5 24. Kh1 h5 25. f3 cxd4 26. exd4 Qf4 27. Bf2
Nc7 28. Re1 Re8 29. Rxe8+ Nxe8 30. Re1 Nd6 31. Re5 Nf5 32. Qd3 Ng3+ 33. Bxg3
Qxg3 34. Qc2 Qh4 35. Qc8+ Kh7 36. Qf5 Kh6 37. Re8 Kh7 38. Re5 Kh6 39. f4 Rc6
40. Re8 g6 41. Qxf7 Qf6 42. Qxf6 Rxf6 43. Re5 Rxf4 44. Rxd5 Rf1+ 45. Kh2 h4 46.
Rb5 Rd1 47. d5 Kg7 48. a4 Kf7 49. Rxb6 Rxd5 50. Kg1 Rd2 51. Rb5 Rb2 52. Rxa5
Rxb3 53. Rg5 Kf6 54. Rg4 g5 55. Kf2 Rd3 56. Ke2 Rd5 57. Rb4 Ke6 58. Rb6+ Ke7
59. Rb5 Rd4 60. Rxg5 Rxa4 61. Rg4 Ra3 62. Rxh4 Kf6 63. Rb4 Kg5 64. Kf2 Rc3 65.
h4+ Kh5 66. g3 Ra3 67. Kg2 Rc3 68. Rb5+ Kh6 69. Kh3 Rc4 70. h5 Rd4 71. g4 Rd1
72. Rb6+ Kh7 73. Kh4 Rd5 74. Rb7+ Kg8 75. h6 Ra5 76. g5 Ra4+ 77. Kh5 Ra5 78.
Re7 Rb5 79. Kg6 Rb6+ 80. Kf5 Rb5+ 81. Kf6 Rb6+ 82. Re6 1-0

[Event "First Saturday GM March 2014"]
[Site "Budapest"]
[Date "2014.03.09"]
[Round "7.1"]
[White "Benkovic, Petar"]
[Black "Wang, Puchen"]
[Result "1/2-1/2"]
[WhiteElo "2434"]
[BlackElo "2470"]
[PlyCount "73"]
[EventDate "2014.03.01"]

1. Nf3 f5 2. d4 Nf6 3. g3 g6 4. Bg2 Bg7 5. O-O O-O 6. c4 d6 7. Nc3 c6 8. Rb1 a5
9. d5 e5 10. dxe6 Bxe6 11. b3 Na6 12. Bf4 Nh5 13. Bg5 Qd7 14. Qd2 f4 15. Na4
Rae8 16. Rbd1 Bg4 17. Rfe1 Nc7 18. Nb6 Qf5 19. Qxd6 fxg3 20. hxg3 Be5 21. Qd2
Ne6 22. e4 Qxf3 23. Bxf3 Rxf3 24. Qd7 Ref8 25. Rd2 Bxg3 26. Bh6 Bxf2+ 27. Rxf2
Rg3+ 28. Kf1 Bh3+ 29. Ke2 Bg4+ 30. Kf1 Bh3+ 31. Ke2 Bg4+ 32. Kf1 Rxf2+ 33. Kxf2
Rf3+ 34. Kg1 Rg3+ 35. Kf2 Rf3+ 36. Kg1 Rg3+ 37. Kf2 1/2-1/2

[Event "First Saturday GM March 2014"]
[Site "Budapest"]
[Date "2014.03.09"]
[Round "7.2"]
[White "Kantor, Gergely"]
[Black "Turov, Maxim"]
[Result "1/2-1/2"]
[WhiteElo "2348"]
[BlackElo "2594"]
[PlyCount "42"]
[EventDate "2014.03.01"]

1. d4 Nf6 2. c4 e6 3. Nf3 Bb4+ 4. Bd2 a5 5. g3 d6 6. Bg2 Nbd7 7. O-O e5 8. e3
c6 9. Qb3 Bxd2 10. Nfxd2 O-O 11. Nc3 Qc7 12. Qa3 Rd8 13. Rac1 Nf8 14. Nde4 Nxe4
15. Nxe4 Bf5 16. Rfd1 exd4 17. Rxd4 Ne6 18. Rd2 Bxe4 19. Bxe4 Nc5 20. Bg2 Qb6
21. Qc3 Qb4 1/2-1/2

[Event "First Saturday GM March 2014"]
[Site "Budapest"]
[Date "2014.03.09"]
[Round "7.3"]
[White "Hujbert, Florian"]
[Black "Kosic, Dragan"]
[Result "1-0"]
[WhiteElo "2456"]
[BlackElo "2493"]
[PlyCount "105"]
[EventDate "2014.03.01"]

1. Nf3 Nf6 2. c4 e6 3. g3 d5 4. Bg2 dxc4 5. Qa4+ c6 6. Qxc4 b5 7. Qb3 Bb7 8.
O-O Nbd7 9. d4 Be7 10. Ne5 Nxe5 11. dxe5 Nd7 12. Nc3 O-O 13. Bf4 Qb6 14. Be3
Bc5 15. Bxc5 Nxc5 16. Qc2 Nd7 17. Rfd1 Nxe5 18. Ne4 Rad8 19. Nc5 Bc8 20. Qc3
Nc4 21. Nd3 Bb7 22. a4 a6 23. b3 Nd6 24. a5 Qc7 25. Nc5 Bc8 26. e4 f6 27. f4
Nf7 28. Bh3 Rd6 29. Rxd6 Qxd6 30. Bg4 Rd8 31. Rd1 Qc7 32. Rxd8+ Nxd8 33. e5
fxe5 34. fxe5 Kf8 35. b4 Qe7 36. Qf3+ Kg8 37. h4 Qc7 38. Qe4 h6 39. Bh5 Qe7 40.
Kg2 Qc7 41. Qd4 Nb7 42. Nxa6 Qe7 43. Bf3 Nxa5 44. bxa5 Bxa6 45. Qb6 Qb7 46.
Qd8+ Kf7 47. Bh5+ g6 48. Qf6+ Ke8 49. Qxg6+ Kd8 50. Qe8+ Kc7 51. Qxe6 Qc8 52.
Qd6+ Kb7 53. e6 1-0

[Event "First Saturday GM March 2014"]
[Site "Budapest"]
[Date "2014.03.09"]
[Round "7.4"]
[White "Havasi, Gergo"]
[Black "Korpa, Bence"]
[Result "1/2-1/2"]
[WhiteElo "2274"]
[BlackElo "2421"]
[PlyCount "176"]
[EventDate "2014.03.01"]

1. e4 c5 2. Nf3 Nc6 3. Bb5 e6 4. O-O Nge7 5. c3 a6 6. Ba4 b5 7. Bc2 d5 8. d4
cxd4 9. cxd4 dxe4 10. Bxe4 Nd5 11. Bg5 Be7 12. Bxd5 Qxd5 13. Nc3 Qd8 14. Bxe7
Nxe7 15. d5 Nxd5 16. Nxd5 Qxd5 17. Qxd5 exd5 18. Nd4 Be6 19. Rac1 Kd7 20. Rc6
Rhc8 21. Rfc1 Rxc6 22. Rxc6 Rc8 23. Rxc8 Kxc8 24. b4 g5 25. f3 Kd7 26. Kf2 Kd6
27. Ke3 Bd7 28. g3 Ke5 29. a3 Be8 30. Ne2 d4+ 31. Nxd4 Kd5 32. Kd3 f6 33. Nb3
Bg6+ 34. Kc3 Bh5 35. Nd2 g4 36. fxg4 Bxg4 37. Kd3 Bf5+ 38. Ke3 Bc2 39. g4 h6
40. h3 f5 41. gxf5 Bxf5 42. h4 Bc2 43. Nf3 Kc4 44. Nd4 Bg6 45. Nc6 Kb3 46. Kd4
Kxa3 47. Kc3 Be4 48. Nd4 Bd5 49. Nc2+ Ka4 50. Nd4 a5 51. bxa5 Kxa5 52. Nf5 h5
53. Ng7 Bf7 54. Nf5 b4+ 55. Kb2 Kb6 56. Ng7 Kc5 57. Kc2 Kc4 58. Kb2 Bg6 59. Ne6
Be8 60. Ng7 Bf7 61. Nf5 Be6 62. Ng7 Bg4 63. Ne8 Kd4 64. Kb3 Kc5 65. Kb2 Kc4 66.
Ng7 Bd1 67. Nf5 Be2 68. Ng7 Bg4 69. Ne8 Be6 70. Ng7 Bf7 71. Nf5 Kd5 72. Ng7 Kd4
73. Nf5+ Ke4 74. Ng3+ Kd5 75. Nf5 Kc5 76. Ng7 Bg6 77. Ne6+ Kd6 78. Ng7 Bf7 79.
Nf5+ Kc5 80. Ng7 Kc4 81. Nf5 Be6 82. Ng7 Bg4 83. Ne8 Bd1 84. Ng7 Kd4 85. Nf5+
Ke5 86. Ng7 Ke4 87. Nxh5 Bxh5 88. Kb3 Kf4 1/2-1/2

[Event "First Saturday GM March 2014"]
[Site "Budapest"]
[Date "2014.03.09"]
[Round "7.5"]
[White "Korley, Kassa"]
[Black "Farago, Ivan"]
[Result "1-0"]
[WhiteElo "2352"]
[BlackElo "2462"]
[PlyCount "75"]
[EventDate "2014.03.01"]

1. Nf3 Nf6 2. g3 d5 3. Bg2 c6 4. O-O Bg4 5. d4 e6 6. c4 Be7 7. Qb3 Qb6 8. Nc3
Nbd7 9. Bf4 O-O 10. Rfd1 Qa6 11. cxd5 exd5 12. h3 Be6 13. Qc2 h6 14. g4 Rfe8
15. e3 Nf8 16. a4 Qa5 17. Ne5 N6d7 18. Nd3 f5 19. b4 Qd8 20. Nc5 Nxc5 21. bxc5
fxg4 22. hxg4 Bxg4 23. Rdb1 Qd7 24. Qb3 Ne6 25. Bg3 Bf6 26. Ra3 Re7 27. a5 Rae8
28. Ra4 Ng5 29. Nxd5 cxd5 30. Qxd5+ Kh8 31. Qxd7 Bxd7 32. Rab4 Bf5 33. R1b2 Ne4
34. Bh2 Bh4 35. f3 Nxc5 36. dxc5 Rxe3 37. Rxh4 Re1+ 38. Kf2 1-0

[Event "First Saturday GM March 2014"]
[Site "Budapest"]
[Date "2014.03.10"]
[Round "8.1"]
[White "Wang, Puchen"]
[Black "Farago, Ivan"]
[Result "1/2-1/2"]
[WhiteElo "2470"]
[BlackElo "2462"]
[PlyCount "112"]
[EventDate "2014.03.01"]

1. e4 e6 2. d4 d5 3. Nd2 Be7 4. Bd3 c5 5. dxc5 Nf6 6. Qe2 O-O 7. Ngf3 a5 8. O-O
Na6 9. e5 Nd7 10. c4 Ndxc5 11. Bb1 Nb4 12. Rd1 Qb6 13. Nf1 dxc4 14. Bg5 f6 15.
exf6 Bxf6 16. Ne3 Bd7 17. Qxc4 Bb5 18. Qh4 Nbd3 19. Bxf6 Rxf6 20. Ng4 Rff8 21.
Bc2 Rad8 22. Rd2 Rd5 23. Rad1 Qd8 24. Qxd8 Rfxd8 25. Ne3 R5d7 26. Bxd3 Nxd3 27.
b3 a4 28. h4 axb3 29. axb3 h6 30. Nc2 e5 31. Nh2 Nc5 32. Rxd7 Rxd7 33. Rxd7
Bxd7 34. b4 Nd3 35. Nf3 Ba4 36. Na3 Bd1 37. Nd2 Nxb4 38. Nac4 Nc6 39. Nd6 Na5
40. N2e4 Bb3 41. f3 Bd5 42. Nc3 Be6 43. Na4 Kf8 44. Nc5 Bd5 45. Kf2 Ke7 46.
Nf5+ Kf6 47. Nd6 b6 48. Na4 Ke6 49. Ne8 Bc6 50. Nxg7+ Kf7 51. Nxb6 Kxg7 52. g4
Kf6 53. Ke3 Ke6 54. f4 exf4+ 55. Kxf4 Be8 56. h5 Nc6 1/2-1/2

[Event "First Saturday GM March 2014"]
[Site "Budapest"]
[Date "2014.03.10"]
[Round "8.2"]
[White "Korpa, Bence"]
[Black "Korley, Kassa"]
[Result "0-1"]
[WhiteElo "2421"]
[BlackElo "2352"]
[PlyCount "78"]
[EventDate "2014.03.01"]

1. c4 Nf6 2. g3 g6 3. Bg2 Bg7 4. Nc3 O-O 5. d4 d6 6. Nf3 Nbd7 7. O-O e5 8. e4
exd4 9. Nxd4 Nc5 10. h3 Re8 11. Re1 a5 12. Rb1 Nfd7 13. Be3 Ne5 14. b3 a4 15.
Qc2 c6 16. Red1 Qe7 17. f4 axb3 18. axb3 Ned7 19. b4 Ne6 20. Nde2 Nf6 21. Rd3
Nc7 22. Rbd1 Na6 23. Qb3 d5 24. e5 Qxb4 25. Qxb4 Nxb4 26. exf6 Nxd3 27. Rxd3
dxc4 28. Rd1 Rxe3 29. fxg7 Bf5 30. Rd4 Bd3 31. Kf2 Ree8 32. f5 gxf5 33. Nf4
Kxg7 34. Nh5+ Kf8 35. Nf6 Red8 36. Rh4 Ra3 37. Nd1 Ra2+ 38. Kg1 Ra1 39. Bf3 Bc2
0-1

[Event "First Saturday GM March 2014"]
[Site "Budapest"]
[Date "2014.03.10"]
[Round "8.3"]
[White "Kosic, Dragan"]
[Black "Havasi, Gergo"]
[Result "1-0"]
[WhiteElo "2493"]
[BlackElo "2274"]
[PlyCount "56"]
[EventDate "2014.03.01"]

1. d4 Nf6 2. Nf3 g6 3. c4 Bg7 4. Nc3 O-O 5. e4 d6 6. Be2 e5 7. Be3 Ng4 8. Bg5
f6 9. Bh4 g5 10. Bg3 Nh6 11. h3 Nc6 12. d5 Ne7 13. Qd2 Ng6 14. h4 Nf4 15. hxg5
fxg5 16. O-O-O Ng4 17. Bf1 a6 18. Kb1 Bd7 19. Ne1 b6 20. Nc2 Qe8 21. f3 Nf6 22.
Bf2 g4 23. Ne3 Qg6 24. Qc2 g3 25. Nf5 Bxf5 26. exf5 Qg5 27. Be3 h5 28. Bd3 h4
1-0

[Event "First Saturday GM March 2014"]
[Site "Budapest"]
[Date "2014.03.10"]
[Round "8.4"]
[White "Turov, Maxim"]
[Black "Hujbert, Florian"]
[Result "1-0"]
[WhiteElo "2594"]
[BlackElo "2456"]
[PlyCount "103"]
[EventDate "2014.03.01"]

1. d4 Nf6 2. c4 g6 3. Nc3 Bg7 4. e4 d6 5. f4 O-O 6. Nf3 c5 7. d5 a6 8. Bd3 b5
9. O-O e6 10. dxe6 Bxe6 11. cxb5 c4 12. f5 Qb6+ 13. Kh1 cxd3 14. fxe6 fxe6 15.
Ng5 d5 16. exd5 exd5 17. Qxd3 d4 18. Qc4+ Kh8 19. Ne6 Nbd7 20. Nxf8 Rxf8 21.
Na4 Qxb5 22. b3 Qxc4 23. bxc4 Rc8 24. Rb1 h5 25. Nb6 Nxb6 26. Rxb6 Rxc4 27. Bb2
Ne4 28. Rc1 Rxc1+ 29. Bxc1 d3 30. Rb8+ Kh7 31. Rd8 Bc3 32. Be3 d2 33. Kg1 g5
34. Kf1 Kg6 35. Ke2 a5 36. Kf3 Kf5 37. Rd5+ Be5 38. Bxd2 Nxd2+ 39. Rxd2 g4+ 40.
Kf2 Ke4 41. Rd7 h4 42. h3 gxh3 43. gxh3 a4 44. Ke2 Kf4 45. Kf2 Ke4 46. Rh7 Kd3
47. Rxh4 a3 48. Ra4 Bb2 49. h4 Kc2 50. Ke2 Kb1 51. Kd3 Kxa2 52. Kc2 1-0

[Event "First Saturday GM March 2014"]
[Site "Budapest"]
[Date "2014.03.10"]
[Round "8.5"]
[White "Benkovic, Petar"]
[Black "Kantor, Gergely"]
[Result "1/2-1/2"]
[WhiteElo "2434"]
[BlackElo "2348"]
[PlyCount "32"]
[EventDate "2014.03.01"]

1. d4 d5 2. c4 c6 3. Nf3 Nf6 4. cxd5 cxd5 5. Nc3 Nc6 6. Bf4 a6 7. Rc1 Bg4 8.
Ne5 Bf5 9. e3 Rc8 10. Be2 Nxe5 11. Bxe5 Nd7 12. O-O e6 13. Qa4 Rc6 14. Bg3 Be7
15. Nb1 b5 16. Qb3 Qc8 1/2-1/2

[Event "First Saturday GM March 2014"]
[Site "Budapest"]
[Date "2014.03.11"]
[Round "9.1"]
[White "Kantor, Gergely"]
[Black "Wang, Puchen"]
[Result "1/2-1/2"]
[WhiteElo "2348"]
[BlackElo "2470"]
[PlyCount "22"]
[EventDate "2014.03.01"]

1. d4 d5 2. c4 c6 3. Nf3 Nf6 4. e3 Bf5 5. Nc3 e6 6. Nh4 Be4 7. f3 Bg6 8. Qb3
Qc7 9. g3 Be7 10. Bd2 Nbd7 11. cxd5 Nxd5 1/2-1/2

[Event "First Saturday GM March 2014"]
[Site "Budapest"]
[Date "2014.03.11"]
[Round "9.2"]
[White "Hujbert, Florian"]
[Black "Benkovic, Petar"]
[Result "1/2-1/2"]
[WhiteElo "2456"]
[BlackElo "2434"]
[PlyCount "113"]
[EventDate "2014.03.01"]

1. Nf3 Nf6 2. c4 e6 3. g3 d5 4. Bg2 dxc4 5. Qa4+ Nbd7 6. Qxc4 c5 7. Qb3 Rb8 8.
d3 Bd6 9. a4 b6 10. Na3 a6 11. O-O Bb7 12. Nc4 Bc7 13. Bd2 O-O 14. Rfc1 Qe7 15.
Qd1 Rfc8 16. e4 Ba8 17. Qe1 b5 18. axb5 axb5 19. Ne3 c4 20. Bb4 Bd6 21. Bxd6
Qxd6 22. dxc4 Bxe4 23. cxb5 Rxc1 24. Rxc1 Rxb5 25. Rc8+ Nf8 26. Qc3 Bb7 27. Nd4
Bxc8 28. Nxb5 Qb6 29. Qxc8 Qxb5 30. Qc3 h5 31. b4 N8d7 32. Bc6 Qe5 33. Qd3 Qc7
34. Bxd7 Nxd7 35. Qc4 Qxc4 36. Nxc4 Kf8 37. f4 Ke7 38. Kf2 Nf6 39. Kf3 Nd5 40.
b5 Kd7 41. b6 Kc6 42. Ne5+ Kxb6 43. Nxf7 Kc6 44. Ke4 Nf6+ 45. Ke5 Kd7 46. h3
Ke7 47. Ng5 Nd7+ 48. Kd4 Kf6 49. Ne4+ Kf5 50. Nd6+ Kf6 51. Nc4 Kf5 52. Ne3+ Kf6
53. Ke4 Nc5+ 54. Kf3 Nd7 55. Nc4 e5 56. h4 exf4 57. Kxf4 1/2-1/2

[Event "First Saturday GM March 2014"]
[Site "Budapest"]
[Date "2014.03.11"]
[Round "9.3"]
[White "Havasi, Gergo"]
[Black "Turov, Maxim"]
[Result "1/2-1/2"]
[WhiteElo "2274"]
[BlackElo "2594"]
[PlyCount "44"]
[EventDate "2014.03.01"]

1. e4 c5 2. Nf3 a6 3. c4 e6 4. d4 cxd4 5. Nxd4 b6 6. Nc3 Bb7 7. a3 d6 8. Be2
Nf6 9. f3 Nbd7 10. O-O Rc8 11. Be3 Be7 12. Rc1 O-O 13. b4 Rc7 14. Qd2 Qa8 15.
Na4 Qb8 16. Rc2 Rcc8 17. Kh1 Bd8 18. Bg1 Bc7 19. Rb1 Ne5 20. c5 b5 21. cxd6
Bxd6 22. Nc5 Rfd8 1/2-1/2

[Event "First Saturday GM March 2014"]
[Site "Budapest"]
[Date "2014.03.11"]
[Round "9.4"]
[White "Korley, Kassa"]
[Black "Kosic, Dragan"]
[Result "1-0"]
[WhiteElo "2352"]
[BlackElo "2493"]
[PlyCount "77"]
[EventDate "2014.03.01"]

1. Nf3 Nf6 2. g3 c5 3. Bg2 Nc6 4. O-O e5 5. c4 d6 6. Nc3 Be7 7. d3 h6 8. Nd2
O-O 9. Nde4 Rb8 10. e3 Nxe4 11. dxe4 a6 12. a4 Nb4 13. b3 Be6 14. Ba3 Nc6 15.
Qe2 Qc8 16. Rfd1 Rd8 17. Rd2 Bf8 18. Bb2 b6 19. Nd5 Ne7 20. Nc3 Nc6 21. f4 f5
22. exf5 Bxf5 23. Bxc6 Qxc6 24. e4 Be6 25. f5 Bf7 26. Rf1 Rb7 27. Qd3 Rdb8 28.
f6 g6 29. Nd5 b5 30. axb5 axb5 31. Bc3 Kh7 32. Ne7 Bxe7 33. fxe7 Rxe7 34. Rdf2
Be6 35. cxb5 Rxb5 36. Rf8 Qd7 37. Ra8 Rxb3 38. Rff8 Bf7 39. Rad8 1-0

[Event "First Saturday GM March 2014"]
[Site "Budapest"]
[Date "2014.03.11"]
[Round "9.5"]
[White "Farago, Ivan"]
[Black "Korpa, Bence"]
[Result "1/2-1/2"]
[WhiteElo "2462"]
[BlackElo "2421"]
[PlyCount "23"]
[EventDate "2014.03.01"]

1. Nf3 d5 2. g3 Nf6 3. Bg2 c6 4. O-O Bg4 5. d3 Nbd7 6. Nbd2 e6 7. b3 Bd6 8. Bb2
O-O 9. h3 Bh5 10. c4 Qe7 11. a3 a5 12. Qc2 1/2-1/2